[Event "SVK GPX U11"]
[Site "Kremnica"]
[Date "2025.06.21"]
[Round "3"]
[White "Hornacek, Tomas"]
[Black "Siska, Samuel"]
[Result "0-1"]
[WhiteElo "1524"]
[BlackElo "1740"]
[PlyCount "56"]
[EventDate "2025.06.21"]
[EventType "tourn (rapid)"]
[EventRounds "9"]
[EventCountry "SVK"]
[SourceTitle "CB26_2025"]
[SourceDate "2025.06.25"]
[SourceVersion "1"]
[SourceVersionDate "2025.06.25"]
[SourceQuality "1"]

1. e4 e6 2. d4 d5 3. Nc3 Nf6 4. e5 Nfd7 5. f4 c5 6. Nf3 Nc6 7. Be3 a6 8. Be2 Be7 9. 0-0 0-0 10. Kh1 b5 11. Qd2 f6 12. Rf2 Qb6 13. dxc5 Bxc5 14. Bxc5 Nxc5 15. Raf1 Bb7 16. Nd4 Nxd4 17. Qxd4 Nd7 18. Qxb6 Nxb6 19. Bg4 f5 20. Bh3 Nc4 21. b3 Ne3 22. Re1 d4 23. Nd1 Rfd8 24. Nxe3 dxe3 25. Rfe2 Rd2 26. Rxd2 exd2 27. Rd1 Rd8 28. Kg1 Be4 0-1

[Event "SVK GPX U11"]
[Site "Kremnica"]
[Date "2025.06.21"]
[Round "7"]
[White "Hrdy, David"]
[Black "Siska, Samuel"]
[Result "0-1"]
[WhiteElo "1732"]
[BlackElo "1740"]
[PlyCount "86"]
[EventDate "2025.06.21"]
[EventType "tourn (rapid)"]
[EventRounds "9"]
[EventCountry "SVK"]
[SourceTitle "CB26_2025"]
[SourceDate "2025.06.25"]
[SourceVersion "1"]
[SourceVersionDate "2025.06.25"]
[SourceQuality "1"]

1. e4 e6 2. d4 d5 3. Nc3 Nf6 4. exd5 exd5 5. Nf3 Bd6 6. Bd3 c6 7. Bg5 0-0 8. 0-0 Bg4 9. h3 Bxf3 10. Qxf3 Nbd7 11. Rfe1 Qc7 12. Rad1 Rfe8 13. Ne2 h6 14. Bf4 Re7 15. Bxd6 Qxd6 16. Ng3 Rae8 17. Rxe7 Qxe7 18. Nf5 Qf8 19. Qg3 g6 20. Ne3 Ne4 21. Bxe4 Rxe4 22. Qc7 Nb6 23. Qxb7 Qa8 24. Qc7 Re8 25. Ng4 Kg7 26. Ne5 Rf8 27. Qxc6 Qxc6 28. Nxc6 Rc8 29. Nb4 a5 30. Nd3 Rxc2 31. Rc1 Rd2 32. Rc3 Nc4 33. b3 Nd6 34. Nf4 Rxd4 35. Nd3 Ne4 36. Rc8 Rxd3 37. Ra8 Rd1+ 38. Kh2 d4 39. Rxa5 d3 40. a4 d2 41. Rd5 Nxf2 42. Kg3 Ne4+ 43. Kf4 Rf1+ 0-1

[Event "SVK-ch U08"]
[Site "Tatralandia"]
[Date "2024.04.11"]
[Round "8"]
[White "Siska, Samuel"]
[Black "Kalinak, Martin"]
[Result "1-0"]
[WhiteElo "1204"]
[BlackElo "1018"]
[PlyCount "69"]
[EventDate "2024.04.05"]
[EventType "swiss"]
[EventRounds "9"]
[EventCountry "SVK"]
[SourceTitle "CBM 219 Extra"]
[Source "ChessBase"]
[SourceDate "2024.05.31"]
[SourceVersion "1"]
[SourceVersionDate "2024.05.31"]
[SourceQuality "1"]

1. Nf3 e6 2. d4 f5 3. g3 Nf6 4. Bg2 b6 5. 0-0 Bb7 6. c4 Bd6 7. Nc3 Bb4 8. Bd2 0-0 9. Qc2 Bxc3 10. Bxc3 d6 11. Ng5 Bxg2 12. Kxg2 Ng4 13. Nxe6 Qf6 14. Nxf8 Kxf8 15. h3 Nh6 16. d5 Qg5 17. Rae1 f4 18. Qxh7 Nf5 19. g4 Ke7 20. Qxf5 Qxf5 21. gxf5 Nd7 22. e4 Rg8 23. Rh1 g6 24. fxg6 Rxg6+ 25. Kf3 Ne5+ 26. Bxe5 dxe5 27. Reg1 Rc6 28. dxc6 Kf6 29. h4 a5 30. h5 b5 31. h6 bxc4 32. h7 c3 33. h8Q+ Ke6 34. Rg6+ Ke7 35. Rh7# 1-0